|
|
|
|
| LEADER |
00000nas a2200000 a 4500 |
| 001 |
ssj0017209 |
| 003 |
WaSeSS |
| 005 |
20200512172242.0 |
| 006 |
m d |
| 007 |
cr n |
| 008 |
860829d19861998nyubr p s 0 a0eng c |
| 010 |
|
|
|a 88649216
|z sn 86012056
|
| 022 |
|
|
|l 0890-1759
|y 0890-1759
|
| 032 |
|
|
|a 002002
|b USPS
|
| 035 |
|
|
|a (WaSeSS)ssj0017209
|
| 037 |
|
|
|b Spy Magazine, LP, 49 E. 21st St., 11th floor, New York, NY, 10010
|
| 040 |
|
|
|a NSD
|b eng
|c NSD
|d HUL
|d NSD
|d DLC
|d NST
|d HUL
|d DLC
|d WAU
|d IUL
|d NST
|d HUL
|d IUL
|d HUL
|d IUL
|d NYP
|d OCLCQ
|d HLS
|d OCLCQ
|d CUS
|d OCLCF
|d OCLCO
|d PAU
|d OCLCQ
|d WaSeSS
|
| 042 |
|
|
|a nsdp
|a pcc
|
| 043 |
|
|
|a n-us-ny
|
| 050 |
0 |
0 |
|a PN4880
|b .S69
|
| 050 |
|
4 |
|a AP101
|b .S69x
|
| 082 |
0 |
0 |
|a 817.008/005
|2 20
|
| 130 |
0 |
|
|a Spy (New York, N.Y.)
|
| 210 |
0 |
|
|a Spy
|b (N.Y.N.Y.)
|
| 222 |
|
0 |
|a Spy
|b (New York, N.Y.)
|
| 245 |
1 |
0 |
|a Spy
|h [electronic resource].
|
| 260 |
|
|
|a New York, N.Y. :
|b Spy Pub. Partners,
|c ©1986-1998.
|
| 310 |
|
|
|a Bimonthly,
|b July-Aug. 1994-1998
|
| 321 |
|
|
|a Ten no. a year,
|b 1986-
|
| 321 |
|
|
|a Monthly (except Jan.),
|b <1989>-Mar. 1994
|
| 362 |
0 |
|
|a Oct. 1986-Mar. 1998.
|
| 500 |
|
|
|a Title from cover.
|
| 500 |
|
|
|a Published: Spy Magazine, LP, July/Aug. 1994-Mar. 1998.
|
| 506 |
|
|
|a License restrictions may limit access.
|
| 515 |
|
|
|a Suspended publication, Apr.-June 1994.
|
| 515 |
|
|
|a Issues for <Mar. 1994-> called also: <v. 8, no. 5->
|
| 650 |
|
0 |
|a American wit and humor
|v Periodicals.
|
| 650 |
|
7 |
|a American wit and humor.
|2 fast
|0 (OCoLC)fst00807457
|
| 655 |
|
0 |
|a Electronic journals.
|
| 850 |
|
|
|a C
|a DLC
|a IaU
|a InU
|a MH
|a NN
|a OC
|a WaU
|
| 856 |
4 |
0 |
|z Full text available from Research Library: 03/01/1998 to 03/31/1998
|u https://search.proquest.com/publication/34226
|